Statystyki dla Wymień członków Genzie

Kliknij tutaj aby rozwiązać quiz!

Ogólne statystyki

  • Ten quiz został rozwiązany 1 334 razy
  • Średni wynik to 7 z 8

Statystyki odpowiedzi

Odpowiedź% Poprawnych
Hania
97%
Fausti
90%
Kartoni
89%
Mortalcio
89%
Bartek Kubicki
85%
Julita
85%
Kostek
78%
Świerzy
40%

Rozkład punktacji

Percentyl według liczby udzielonych odpowiedzi

Procent ludzi z każdym wynikiem

Twoja historia wyników

Nie rozwiązałeś tego quizu